EL PRESUPUESTO : (Registro nro. 49389)
[ vista simple ]
| 000 -LEADER | |
|---|---|
| fixed length control field | 00895nam a2200193 a 4500 |
| 001 - CONTROL NUMBER | |
| control field | 49389 |
| 005 - DATE AND TIME OF LATEST TRANSACTION | |
| control field | 20180714034049.0 |
| 008 - FIXED-LENGTH DATA ELEMENTS--GENERAL INFORMATION | |
| fixed length control field | 140415s2000 mx 000 0 spa d |
| 020 ## - INTERNATIONAL STANDARD BOOK NUMBER | |
| International Standard Book Number | 9706863575 |
| 041 ## - LANGUAGE CODE | |
| Language code of text/sound track or separate title | spa |
| 082 ## - DEWEY DECIMAL CLASSIFICATION NUMBER | |
| Classification number | 658.154 |
| Item number | RIO |
| 100 1# - MAIN ENTRY--PERSONAL NAME | |
| Personal name | Río González, Cristóbal del,. |
| 245 13 - TITLE STATEMENT | |
| Title | EL PRESUPUESTO : |
| Remainder of title | GENERALIDADES, TRADICIONAL, AREAS Y NIVELES DE RESPONSABILIDAD , PROGRAMAS Y ACTIVIDADES, BASE CERO, ASI COMO TEORIA Y PRACTICA |
| 250 ## - EDITION STATEMENT | |
| Edition statement | 9a ed. |
| 260 ## - PUBLICATION, DISTRIBUTION, ETC. | |
| Place of publication, distribution, etc. | MEXICO : |
| Name of publisher, distributor, etc. | INTERNATIONAL THOMSON EDITORES, |
| Date of publication, distribution, etc. | 2000 |
| 300 ## - PHYSICAL DESCRIPTION | |
| Extent | 125 |
| Dimensions | 16 x 1.5 x 22.1 |
| 520 ## - SUMMARY, ETC. | |
| Summary, etc. | EN ESTA OBRA EL AUTOR NOS MUESTRA LOS ANTECEDENTES, GENERALIDADES, REQUISITOS, CARACTERÍSTICAS E IMPORTANCIA ASI COMO LA FORMA DE DISEÑAR, IMPLEMENTAR DIRIGIR Y CONTROLAR EL PRESUPUESTO, ASÍ COMO A DETERMINAR Y CORREGIR A TIEMPO LAS VARIACIONES Y DESVIACIONES. |
| 650 14 - SUBJECT ADDED ENTRY--TOPICAL TERM | |
| Topical term or geographic name entry element | PRESUPUESTO |
| Withdrawn status | Lost status | Source of classification or shelving scheme | Damaged status | Not for loan | Collection code | Home library | Current library | Shelving location | Date acquired | Source of acquisition | Inventory number | Total Checkouts | Full call number | Barcode | Date last seen | Date last checked out | Price effective from | Koha item type |
|---|---|---|---|---|---|---|---|---|---|---|---|---|---|---|---|---|---|---|
| Dewey Decimal Classification | General | Biblioteca Karol Wojtyla | Biblioteca Karol Wojtyla | Sala general | 03/12/2013 | Compra | 151000000000000000022216 | 658.154 RIO | 73848 | 05/01/2026 | 13/08/2016 | 03/12/2013 | Libro |